[Event "45th Olympiad 2024"]
[Site "Budapest HUN"]
[Date "2024.09.16"]
[Round "6.50"]
[Board "2"]
[White "Ondozi, Murtez"]
[Black "Yee, Soon Wei"]
[Result "1-0"]
[WhiteElo "2371"]
[BlackElo "2219"]
[PlyCount "75"]
[EventDate "2024.09.11"]
[WhiteTeam "Kosovo"]
[BlackTeam "Brunei Darussalam"]
[WhiteTeamCountry "KOS"]

1. d4 {Stohl,Igor} Nf6 2. c4 c5 3. Nf3 cxd4 4. Nxd4 e5 5. Nb5 d5 6. cxd5 Bc5 7. e3 O-O 8. N5c3 ({RR} 8. Bc4 a6 9. N5c3 e4 10. a3 Bd6 11. Nd2 Re8 12. Qc2 Qe7 13. b4 Bf5 14. Bb2 Nbd7 15. Be2 Rac8 16. Qb3 Ne5 17. h3 h5 18. Nc4 Nxc4 19. Bxc4 Nd7 20. Be2 h4 21. Kd2 Qg5 22. g4 hxg3) 8... Qe7 9. Be2 e4 10. a3 ({RR} 10. b3 Rd8 11. Qc2 Bf5 12. Bb2 Nbd7 13. a3 Ne5 14. b4 Nd3+ 15. Bxd3 exd3 16. Qd2 Bb6 17. O-O Rac8 18. Re1 Ng4 19. h3 Ne5 20. e4 Bxh3 21. Qf4 Rd6 22. Nd1 Rg6 23. Bxe5 Rxg2+ 24. Kh1 Rg4) ({RR} 10. Nd2 Rd8 11. Qc2 Bf5 12. O-O Nbd7 13. Nc4 Rac8 14. Rd1 Ne5 15. Nxe5 Qxe5 16. Bd2 Bg4 17. Be1 Bd6 18. Bxg4 Qxh2+ 19. Kf1 Nxg4 20. Qxe4 f5 21. Qf3 Rf8 22. Rac1 Qh1+ 23. Ke2 Nh2 24. Qh3 Qf1+) 10... Rd8 ({RR} 10... a6 11. b4 Ba7 12. Nd2 Bf5 13. Bb2 Rd8 14. Qb3 Nbd7 15. Nc4 Ne8 16. g4 Bg6 17. h4 h6 18. O-O-O Nd6 19. Nxd6 Qxd6 20. Kb1 Ne5 21. h5 Bh7 22. g5 hxg5 23. Rdg1 f6 24. h6 Bg6 25. Ka1) ({RR} 10... a5 11. Nd2 Rd8 12. Qc2 Bf5 13. g4 Bg6 14. h4 h6 15. h5 Bh7 16. g5 hxg5 17. h6 Nbd7 18. hxg7 Rac8 19. Nc4 Ne5 20. Nxe5 Qxe5 21. Bd2 Nxd5 22. Nxd5 Qxd5) 11. b4 Bd6 ({RR} 11... Bb6 12. Bb2 Bf5 13. g4 Be6 14. Qc2 Bxg4 15. Bxg4 Nxg4 16. Nxe4 Nd7 17. Rg1 Nde5 18. Qe2 f5 19. Ng3 Rxd5 20. Nxf5 Qf7 21. Bxe5 Rxe5 22. Qxg4 Rxf5 23. Nd2 Rc8 24. Rd1 Rc6) 12. Bb2 Bf5 ({RR} 12... a5 13. bxa5 ({RR} 13. b5 Nbd7) 13... Be5 14. Qa4 ({RR} 14. O-O Rxa5 15. Bc4 Bxh2+) 14... Na6 ({RR} 14... Qc5 15. Nxe4 Nxe4 16. Bxe5) ({RR} 14... Bd7 15. Qb4) 15. Nd2 ({RR} 15. O-O Nc5 16. Qb4 Bg4 ({RR} 16... Nxd5 17. Nxd5 Rxd5 18. Bxe5 Rxe5)) 15... Nc5 16. Qb4 Bg4 17. Nc4 ({RR} 17. Bxg4 Nd3+) ({RR} 17. f3 exf3 18. gxf3 Nxd5 19. Nxd5 Rxd5 20. fxg4 ({RR} 20. Bxe5 Qxe5) 20... Bxb2 21. Qxb2 Qxe3) 17... Bxc3+ 18. Qxc3 Bxe2 19. Kxe2 Qd7 20. Rhd1 Rac8 21. Kf1 Nd3 22. Qb3 ({RR} 22. Rxd3 exd3 23. Qxd3 ({RR} 23. e4 Qb5 24. Rc1 d2) 23... Qxd5) 22... Qf5 ({RR} 22... Qxd5 23. Bxf6 gxf6 24. Nd2 Qf5 25. f3) 23. Rxd3 ({RR} 23. f3 Nxb2 ({RR} 23... Nxd5 24. Rxd3 exd3 25. e4 Qf4) 24. Nxb2 exf3) 23... exd3 24. Bxf6 Qxf6 ({RR} 24... gxf6 25. Qb4 Rxd5 26. Nb6 Rc2) 25. Rd1 Qa6 26. Nd2 Qxa5 27. e4 {½-½ Timman,J (2620)-Topalov,V (2700) Hoogovens Wijk aan Zee 1996 (8)}) ({RR} 12... Be5 13. Qb3 Nbd7 14. Nd2 Nb6 15. Nc4 ({RR} 15. Rd1 Bf5 16. Nc4 Nxc4 17. Qxc4 Rac8 18. Qb3 a6 19. Na4 Bxb2 20. Qxb2 Rxd5 21. Rxd5 Nxd5 22. O-O Qf6 23. Rc1 Qxb2 24. Rxc8+ Bxc8 25. Nxb2 Nc3 26. Kf1 Be6) 15... Nxc4 16. Bxc4 Bf5 17. Nb5 Bxb2 18. Qxb2 Nxd5 19. Nd4 Qe5 20. Qb3 Bg6 21. Bxd5 Rxd5 22. Rc1 f5 23. Rc5 Bf7 24. Rxd5 Bxd5 25. Qc3 f4) ({RR} 12... Nbd7 13. Nd2 Nb6 14. Qb3 Bf5 15. Rd1 Rac8 16. Nb5) ({RR} 12... a5 13. Nd2 axb4 14. axb4 Rxa1 15. Qxa1 Bxb4 16. O-O Na6 17. Nc4 Bg4 18. Bxg4 Nxg4 19. h3 Nf6 20. Nb6 Ne8 21. Rd1 Nd6 22. Ba3 Qe5 23. Bxb4 Nxb4 24. Qa3 Na6 25. Rd4 f5 26. Nc4 Qf6 27. Qb3 {1-0 Quesada Perez,L (2551)-Espinosa Veloz,E (2500) 59th ch-CUB 2023 (11.4)}) 13. Nd2 Nbd7 14. Nc4 Bb8 $146 ({RR} 14... Ne5 15. Nxe5 Bxe5 16. Qb3 Bxc3+ 17. Bxc3 Nxd5 18. O-O Nxc3 19. Qxc3 Rac8 20. Qb2 Qe6 21. Rfd1 h6 22. Rxd8+ Rxd8 23. Rd1 Rxd1+ 24. Bxd1 Qd5 25. Qd4 Qxd4 26. exd4 Kf8 27. g4 Be6 28. Kg2 Ke7 29. Kg3 {½-½ Sotnikovich,G (2069)-Murkinson,A Moscow CC Mephi 1st League 2009 (11)}) ({RR} 14... Ne5 15. Nxd6 Rxd6 16. O-O Rad8 17. Qb3 a6 18. f3 exf3 19. Bxf3 Bd3 20. Be2 Neg4 21. Rf3 Nxh2 22. Rg3 Bxe2 23. Nxe2 Nhg4 24. Qc3 Rxd5 25. Nd4 Ne4 26. Rxg4 Nxc3) ({RR} 14... Ne5 15. Nxd6 Rxd6 16. O-O Rad8 17. Qb3 a6 18. f3 exf3 19. Bxf3 Bd3 20. Be2 Neg4 21. Rf3 Nxh2 22. Rg3 Bxe2 23. Nxe2 Nhg4 24. Qc3 Rxd5 25. Nd4 Ne4 26. Rxg4 Nxc3 {0-1 Trapl,J (2410)-Kupka,S (2375) Litomerice 1990 (4)}) 15. d6 Qf8 16. Nd5 Bxd6 17. Nxd6 Qxd6 18. Nxf6+ Nxf6 19. Qxd6 Rxd6 20. Rc1 Bg4 21. f3 Bh5 22. Be5 Re6 23. Bd4 a5 24. b5 exf3 25. gxf3 Nd5 26. Kf2 Rae8 27. Bc4 Rd6 28. Bc5 Rd7 29. Rhd1 Nf6 30. Rxd7 Nxd7 31. Bd4 Nf6 32. Bb3 h6 33. Rc7 a4 34. Bc4 Bg6 35. b6 Rd8 36. Rxb7 Ne8 37. Ra7 Nd6 38. Ba6 1-0

[Event "45th Olympiad 2024"]
[Site "Budapest HUN"]
[Date "2024.09.16"]
[Round "6.50"]
[Board "3"]
[White "Lim Teck Guan, Rodney"]
[Black "Uruci, Endrit"]
[Result "0-1"]
[WhiteElo "1931"]
[BlackElo "2348"]
[PlyCount "116"]
[EventDate "2024.09.11"]
[WhiteTeam "Brunei Darussalam"]
[BlackTeam "Kosovo"]
[BlackTeamCountry "KOS"]

1. d4 Nf6 2. c4 e6 3. Nc3 Bb4 4. Bd2 O-O 5. Nf3 b6 6. e3 Bb7 7. Bd3 d6 8. a3 Bxc3 9. Bxc3 Ne4 10. O-O ({RR} 10. Bxe4 Bxe4 11. O-O Nd7 12. Nd2 Bb7 13. e4 f5 14. Qe2 fxe4 15. Nxe4 Qh4 16. Rae1 Rae8 17. Qd3 d5 18. cxd5 Bxd5 19. f3 a5 20. Re3 Nf6 21. Ng3 c5 22. Re5 c4 23. Qe2 Nd7 24. Re3 Nb8 {½-½ Ter Sahakyan,S (2640)-Oparin,G (2652) PNWCC Online Masters Artist Point 2020 (8)}) ({RR} 10. Bxe4 Bxe4 11. d5 e5 12. O-O a5 13. b3 Nd7 14. h3 Qf6 15. Nh2 Qg6 16. f3 Bc2 17. Qe2 Bxb3 18. e4 f5 19. a4 Nc5 20. Rfb1 Bxa4 21. exf5 Qxf5 22. Ng4 Bc2 23. Rc1 Bd3 24. Qd2 Qf4 {0-1 Fiorito,J (2409)-Popov,K (2364) Titled Tue 19th Mar Early 2024 (6)}) 10... Nxc3 11. bxc3 c5 $146 ({RR} 11... Nc6 12. Nd2 Na5 13. Qh5 g6 14. Qh6 Qf6 15. f4 Qg7 16. Qh4 f5 17. Be2 c5 18. Bf3 Rac8 19. Bxb7 Nxb7 20. Rf3 Na5 21. Re1 Qf6 22. Qh6 cxd4 23. Rh3 Rf7 24. exd4 Nxc4 25. Nf3 Re7 26. Ng5 {1-0 Medina Plasencia,S (1952)-Castaner Harster,X (2137) Tenerife-chT Preferente 1516 2015 (6.2)}) 12. Qc2 h6 13. Nd2 Nc6 14. f4 Qe7 15. Rae1 Rae8 16. f5 exf5 17. Bxf5 Na5 18. Bd3 Bc8 19. Bh7+ Kh8 20. Bf5 Bb7 21. Bd3 Ba6 22. d5 Bc8 23. Bf5 Bxf5 24. Rxf5 Qh4 25. g3 Qe7 26. e4 Qd7 27. Ref1 Re7 28. Qd1 f6 29. g4 Rfe8 30. g5 fxg5 31. Rf8+ Rxf8 32. Rxf8+ Kh7 33. Qf3 Nb7 34. e5 Rxe5 35. Rf7 Re7 36. Qe4+ Rxe4 37. Rxd7 Rg4+ 38. Kf2 Na5 39. Rxa7 Nxc4 40. Nxc4 Rxc4 41. Rb7 Rxc3 42. Rxb6 Rxa3 43. Rxd6 Rd3 44. Kg2 g4 45. Kf2 h5 46. Ke2 Rh3 47. Rc6 Rxh2+ 48. Ke3 Rh1 49. Kf4 Rf1+ 50. Kg3 Rf3+ 51. Kg2 Rd3 52. Rxc5 Kg6 53. Rc6+ Kg5 54. d6 Rd2+ 55. Kg1 g3 56. Rc7 Kg4 57. Rxg7+ Kh3 58. Kf1 Rxd6 0-1

[Event "45th Olympiad 2024"]
[Site "Budapest HUN"]
[Date "2024.09.16"]
[Round "6.52"]
[Board "1"]
[White "Van Bemmelen, Ursus"]
[Black "Arab, Adlane"]
[Result "0-1"]
[WhiteElo "2146"]
[BlackElo "2477"]
[PlyCount "96"]
[EventDate "2024.09.11"]
[WhiteTeam "Netherlands Antilles"]
[BlackTeam "Algeria"]
[WhiteTeamCountry "AHO"]
[BlackTeamCountry "ALG"]

1. d4 Nf6 2. Nf3 e6 3. g3 b6 4. Bg2 Bb7 5. O-O Be7 6. c4 O-O 7. Nc3 Na6 8. a3 d5 9. Ne5 c5 10. cxd5 exd5 11. Bf4 Ne4 12. Rc1 $146 ({RR} 12. Nxe4 dxe4 13. dxc5 Nxc5 14. Qc2 Rc8 15. Rfd1 Qe8 16. Bh3 Ne6 17. Qb3 Nxf4 18. gxf4 e3 19. Bd7 exf2+ 20. Kf1 Qd8 21. Bxc8 Qxc8 22. Rd7 Bc5 23. Rxf7 Rxf7 24. Rd1 h6 25. Qxf7+ Kh7 26. Qg6+ Kg8 {1-0 Vaganian,R (2570)-Gulko,B (2575) Zonal Lvov 1978 (5)}) ({RR} 12. dxc5 Nxc3 13. bxc3 Nxc5 14. Qc2 Qc8 15. Rfd1 Rd8 16. h4 Qe6 17. Nf3 Qg6 18. Qxg6 hxg6 19. Bc7 Re8 20. Be5 Ne4 21. Bh3 Ba6 22. Rxd5 Bxe2 23. Bg2 Bf6 24. Bxf6 gxf6 25. Rd7 Nxc3 26. Nd4 Bg4 {0-1 Szotkowski,J (2240)-Babula,V (2545) CZE-chT 1415 2014 (4.5)}) ({RR} 12. Nxe4 dxe4 13. dxc5 Nxc5 14. Qc2 g5 15. Bd2 Qd5 16. Bc3 f6 17. Ng4 Qe6 18. f3 f5 19. Nf2 e3 20. Nd3 Nxd3 21. Qxd3 Rad8 22. Qc2 f4 23. gxf4 gxf4 24. Kh1 Bf6 25. Rg1 Kh8 26. Rad1 Bd5 {1-0 Manin,V-Ruderfer,M (2400) Khodzhaev Memorial-07 1978}) 12... Nxc3 13. Rxc3 Bf6 14. h4 Re8 15. e3 Nc7 16. b4 Nb5 17. Rc1 cxd4 18. exd4 Rc8 19. Qd3 Nc7 20. Bh3 Ne6 21. Bxe6 Rxe6 22. Rxc8 Bxc8 23. Rc1 Bxe5 24. Bxe5 f6 25. Bf4 Re7 26. Qc3 Ba6 27. Re1 Be2 28. Be3 Bf3 29. Bf4 Rxe1+ 30. Qxe1 Qd7 31. Qc3 Qg4 32. Qe3 h6 33. Kf1 Qh3+ 34. Ke1 Qh1+ 35. Kd2 Qd1+ 36. Kc3 Qa1+ 37. Kd2 Qd1+ 38. Kc3 Be4 39. Qd2 Qb1 40. Be3 a5 41. bxa5 bxa5 42. Qc1 Qa2 43. Qb2 Qc4+ 44. Kd2 Qd3+ 45. Ke1 Bf3 46. Qd2 Qxa3 47. Qc1 Qd3 48. Qd2 Qc4 0-1

[Event "45th Olympiad 2024"]
[Site "Budapest HUN"]
[Date "2024.09.16"]
[Round "6.52"]
[Board "2"]
[White "Djabri, Massinas"]
[Black "Capella, Rurik"]
[Result "1-0"]
[WhiteElo "2280"]
[BlackElo "1971"]
[PlyCount "49"]
[EventDate "2024.09.11"]
[WhiteTeam "Algeria"]
[BlackTeam "Netherlands Antilles"]
[WhiteTeamCountry "ALG"]
[BlackTeamCountry "AHO"]

1. d4 g6 2. c4 Bg7 3. e4 Nc6 4. Nf3 e5 5. d5 Nd4 6. Nxd4 exd4 7. Bd3 d6 8. O-O Nh6 ({RR} 8... Nf6 9. b3 c5 10. dxc6 bxc6 11. Ba3 O-O 12. e5 dxe5 13. Bxf8 Qxf8 14. Nd2 Ne8 15. Qf3 Bd7 16. Qe2 f5 17. f3 c5 18. Rfe1 Nd6 19. a3 Bc6 20. b4 cxb4 21. axb4 e4 22. fxe4 fxe4 23. Nxe4 {0-1 Bilciu,C (2077)-Poddubnyi,V (2304) Titled Tue 9th Jan Early 2024 (11)}) 9. Nd2 $146 ({RR} 9. Be2 Qh4 10. Bf3 Ng4 11. Bxg4 Bxg4 12. Qa4+ Bd7 13. Qb3 O-O-O 14. f4 f5 15. Nd2 fxe4 16. Nxe4 Rde8 17. Ng3 Rhf8 18. Bd2 Bh6 19. Qf3 b6 20. b4 Bg7 21. Rac1 Bg4 22. Qa3 Kb8 23. c5 Bc8 {0-1 Cuevas Araya,W (2180)-Frey Perez,H (2346) CHI-ch Santiago de Chile 2004 (11.6)}) ({RR} 9. Na3 c5 10. Bf4 f6 11. Qd2 Nf7 12. Rab1 O-O 13. b4 b6 14. Nb5 a6 15. Na3 Qc7 16. bxc5 bxc5 17. Qb2 Ne5 18. Bxe5 fxe5 19. Qb6 Qxb6 20. Rxb6 Rd8 21. Rfb1 Bf8 22. Be2 Be7 23. Kf1 h5 {0-1 Gerdes,H-Schatz,W Bayern-ch Seniors 06th 1994 (2)}) 9... O-O 10. Nf3 Bg4 11. h3 Bxf3 12. Qxf3 f5 13. Bxh6 fxe4 14. Qxe4 Bxh6 15. Qxd4 Rf4 16. Qe3 Qf8 17. Rae1 Qg7 18. Re2 b6 19. g3 Rf7 20. f4 g5 21. fxg5 Bxg5 22. Qe6 Raf8 23. Ref2 h5 24. Bg6 Kh8 25. Rxf7 1-0

[Event "45th Olympiad 2024"]
[Site "Budapest HUN"]
[Date "2024.09.16"]
[Round "6.52"]
[Board "3"]
[White "Van Opstal, Rurik"]
[Black "Brahami, Lamine"]
[Result "0-1"]
[WhiteElo "2006"]
[BlackElo "2188"]
[PlyCount "75"]
[EventDate "2024.09.11"]
[WhiteTeam "Netherlands Antilles"]
[BlackTeam "Algeria"]
[WhiteTeamCountry "AHO"]
[BlackTeamCountry "ALG"]

1. e4 c5 2. Nf3 d6 3. d4 cxd4 4. Nxd4 Nf6 5. Nc3 a6 6. h3 e5 7. Nf3 Qc7 8. a4 ({RR} 8. Nh2 Nbd7 9. Ng4 b5 10. Ne3 Nb6 11. a3 Be7 12. Bd3 Be6 13. Qf3 g6 14. O-O Nfd7 15. Bd2 Nc5 16. Be2 O-O 17. Nf5 Bxf5 18. exf5 d5 19. Bh6 Rfd8 20. Rad1 e4 21. Qg4 Nca4 22. Nxa4 Nxa4 {0-1 Praggnanandhaa,R (2684)-Maghsoodloo,P (2719) 85th Tata Steel Masters 2023 (11.4)}) ({RR} 8. g4 Be6 9. Be3 Be7 10. g5 Nfd7 11. Nd5 Bxd5 12. Qxd5 Nb6 13. Bxb6 Qxb6 14. Qb3 Qxb3 15. axb3 h6 16. gxh6 Rxh6 17. b4 Rf6 18. Bb5+ Nc6 19. Ke2 Rf4 20. Nd2 Rc8 21. Bxc6+ Rxc6 22. c3 g6 {½-½ Neelash,S (2446)-Brahami,L (2188) 59th World Juniors 2022 (9.22)}) 8... b6 ({RR} 8... h6 9. g3 Nc6 10. Bg2 Nb4 11. O-O Be6 12. a5 Nc6 13. Nd5 Bxd5 14. exd5 Nxa5 15. b3 Rc8 16. Bd2 b6 17. Qe2 Be7 18. Nh4 O-O 19. Nf5 Bd8 20. Rfc1 Qd7 21. Ne3 Nb7 22. Rxa6 Nc5 23. Raa1 {1-0 Baklan,V (2546)-Mladek,R (2369) TCh-CZE Extraliga 2023-24 (10.6)}) 9. Bd3 Be7 10. g4 $146 ({RR} 10. Nh2 Bb7 11. Ng4 Nbd7 12. Ne3 Nc5 13. Ned5 Nxd5 14. Nxd5 Bxd5 15. exd5 O-O 16. O-O f5 17. Be2 Bf6 18. Ra3 e4 19. f4 b5 20. axb5 axb5 21. Bxb5 Qb6 22. Bc6 Rxa3 23. bxa3 Nd3+ 24. Kh2 Nxc1 {½-½ Ilamparthi,A (2393)-Solodovnichenko,Y (2520) 45th Barbera Open 2023 (6.5)}) 10... h6 11. Rg1 Nc6 12. Bc4 Nb4 13. Bb3 Be6 14. Nd5 Nbxd5 15. exd5 Bc8 16. Be3 g6 17. Nd2 Rb8 18. Qf3 h5 19. g5 Nd7 20. c3 b5 21. h4 bxa4 22. Rxa4 O-O 23. Kf1 Nc5 24. Bxc5 Qxc5 25. Kg2 Rb5 26. Ra2 Rxb3 27. Nxb3 Qc4 28. Ra3 Qxh4 29. Qg3 Qc4 30. Rd1 h4 31. Nd2 Qxd5+ 32. Qf3 Qe6 33. Ra4 Bxg5 34. Ne4 Be7 35. Rb4 f5 36. Nd2 d5 37. Rb3 e4 38. Qe3 0-1

[Event "45th Olympiad 2024"]
[Site "Budapest HUN"]
[Date "2024.09.16"]
[Round "6.52"]
[Board "4"]
[White "Bengherabi, Khalil"]
[Black "Blijstra, Willem"]
[Result "1-0"]
[WhiteElo "2076"]
[BlackElo "2063"]
[PlyCount "75"]
[EventDate "2024.09.11"]
[WhiteTeam "Algeria"]
[BlackTeam "Netherlands Antilles"]
[WhiteTeamCountry "ALG"]
[BlackTeamCountry "AHO"]

1. e4 d6 2. d4 Nf6 3. Nc3 g6 4. Be3 c6 5. f3 Qa5 ({RR} 5... h5 6. Qd2 b5 7. O-O-O a6 8. Kb1 Qc7 9. Nh3 Bxh3 10. gxh3 Nbd7 11. h4 O-O-O 12. a4 Kb7 13. d5 b4 14. dxc6+ Qxc6 15. Na2 a5 16. Bb5 Qc7 17. c3 b3 18. Nc1 Nc5 19. Bxc5 Qxc5 20. Nxb3 {1-0 Kovalev,V (2648)-Manolache,M (2533) Titled Tuesday intern op 10th Nov blitz 2020 (2)}) ({RR} 5... Qc7 6. h4 h5 7. Qd2 Nbd7 8. O-O-O b5 9. Kb1 Bg7 10. Nh3 Nb6 11. b3 Bxh3 12. gxh3 a5 13. d5 b4 14. Bxb6 Qxb6 15. Na4 Qc7 16. dxc6 Qxc6 17. Bc4 O-O 18. Rhg1 Kh7 19. Qg5 d5 20. exd5 {1-0 Pajeken,J (2416)-Stojanovski,S (2169) Titled Tue 25th Jun Early 2024 (7)}) 6. Qd2 h5 $146 ({RR} 6... Be6 7. g4 Bg7 8. Nge2 Bc4 9. Ng3 Bxf1 10. Rxf1 h6 11. O-O-O Nbd7 12. h3 Nb6 13. b3 Qa3+ 14. Kb1 a5 15. Qd3 a4 16. Nb5 cxb5 17. Qxb5+ Nfd7 18. Bc1 axb3 19. Bxa3 bxc2+ 20. Kxc2 Rxa3 21. Kb1 {1-0 Ferreira,E (2105)-Lisboa Torres,E (1838) Sao Paulo Braga op 2011 (4)}) ({RR} 6... e5 7. Nge2 Be6 8. g4 Bc4 9. g5 Nh5 10. O-O-O Ng7 11. f4 exf4 12. Nxf4 Bxf1 13. Rdxf1 Nd7 14. Nd3 Be7 15. Qg2 f5 16. gxf6 Nxf6 17. Bd2 Qc7 18. e5 dxe5 19. dxe5 Nfh5 20. Qg4 Qd7 21. e6 {1-0 Sokolov,E-Lauterbach,I (2125) Bad Zwesten op 1st 1997 (7)}) 7. h4 Bg7 8. Nge2 b5 9. a3 Nbd7 10. Nc1 a6 11. Nd3 Qc7 12. Qf2 Bb7 13. g3 Rc8 14. Bh3 Rb8 15. O-O-O Nb6 16. e5 Nfd5 17. Nxd5 Nxd5 18. exd6 Qxd6 19. Bd2 Qf6 20. Ne5 Bc8 21. Bxc8 Rxc8 22. Rhe1 O-O 23. Nd7 Qd6 24. Nxf8 Kxf8 25. f4 Qc7 26. f5 Kg8 27. fxg6 fxg6 28. Re6 Rf8 29. Qe1 Kh7 30. Bg5 Rf7 31. Qe4 Bf6 32. Bxf6 exf6 33. g4 hxg4 34. Qxg4 Qh2 35. Rxc6 Ne3 36. Qe6 Qf4 37. Qxf7+ Kh6 38. Qxf6 1-0

[Event "45th Olympiad 2024"]
[Site "Budapest HUN"]
[Date "2024.09.16"]
[Round "6.54"]
[Board "2"]
[White "Cupid, Kevin"]
[Black "De Gondo, Simplice Armel"]
[Result "1/2-1/2"]
[WhiteElo "2201"]
[BlackElo "2045"]
[PlyCount "147"]
[EventDate "2024.09.11"]
[WhiteTeam "Trinidad & Tobago"]
[BlackTeam "Cote d’Ivoire"]

1. d4 d5 2. Nf3 c5 3. c4 e6 4. cxd5 exd5 5. g3 Nc6 6. Bg2 Nf6 7. O-O Bd6 8. dxc5 Bxc5 9. a3 a5 10. Bg5 ({RR} 10. b3 O-O 11. Nc3 d4 12. Nb5 Qb6 13. a4 Be6 14. Bb2 Rfd8 15. Nd2 Nb4 16. Rc1 Rac8 17. Nc4 Bxc4 18. Rxc4 d3 19. e3 Be7 20. Qf3 Rxc4 21. bxc4 Nd7 22. Bd4 Nc5 23. Nc3 Qe6 24. Nd5 Nxd5 {1-0 Tabatabaei,M (2645)-Moroni,L (2581) Sharjah Masters 5th 2022 (3)}) 10... Be6 11. Nc3 d4 ({RR} 11... Be7 12. Qa4 O-O 13. Rfd1 h6 14. Bxf6 Bxf6 15. e3 Bxc3 16. bxc3 Qf6 17. Rab1 Rab8 18. Qf4 Qxf4 19. gxf4 Bf5 20. Rb5 Be4 21. Nd2 Bxg2 22. Kxg2 Rfd8 23. Nf3 f6 24. Rbxd5 Rxd5 25. Rxd5 Rd8 26. Rb5 {1-0 Boggiano Pereira,M (2015)-Adeshole Beckley,B (1814) 45th Olympiad 2024 (2.69)}) 12. Bxf6 $146 ({RR} 12. Ne4 Be7 13. Bxf6 Bxf6 14. Qa4 Bd5 15. Nxf6+ Qxf6 16. b4 O-O 17. b5 Ne5 18. Nxd4 Bxg2 19. Kxg2 Rfd8 20. Rfd1 h5 21. Nf3 Nxf3 22. exf3 Rxd1 23. Rxd1 Rd8 24. Rc1 Qb6 25. Qh4 g6 26. Qe7 Kg7 {1-0 Zwirs,N (2444)-Mollema,T (2246) Dutch League 2023-24 (1.7)}) ({RR} 12. Ne4 Be7 13. Nxf6+ Bxf6 14. Bxf6 Qxf6 15. Qa4 O-O 16. Rfd1 Rfd8 17. Rd2 Rab8 18. Qb5 Bd5 19. Rad1 Be4 20. Qg5 Qxg5 21. Nxg5 Bxg2 22. Kxg2 Rd5 23. Nf3 Rbd8 24. b3 f5 25. Rd3 Kf7 26. e3 Kf6 {1-0 Mundorf,J (2156)-Soukup,J (2278) NRW Class1 1213 2012 (1.4)}) 12... Qxf6 13. Ne4 Qe7 14. b4 axb4 15. Nxc5 Qxc5 16. axb4 Rxa1 17. Qxa1 Qxb4 18. Nxd4 O-O 19. Nxc6 bxc6 20. Bxc6 Bg4 21. e3 Qc5 22. Rc1 Qh5 23. Qd4 Bf3 24. Bxf3 Qxf3 25. Qd1 Qxd1+ 26. Rxd1 Re8 27. f4 h5 28. Kf2 f5 29. h3 Kf7 30. g4 hxg4 31. hxg4 g6 32. Rh1 Kf6 33. Rg1 Re6 34. Kf3 Re7 35. Rg2 Re6 36. Re2 Re7 37. e4 fxe4+ 38. Rxe4 Ra7 39. Re5 Ra3+ 40. Re3 Ra4 41. Rb3 Kf7 42. Rb7+ Kf8 43. Rd7 Rb4 44. Kg3 Ra4 45. Rh7 Kg8 46. Rb7 Kf8 47. Rd7 Rb4 48. Ra7 Rc4 49. Kh4 Rxf4 50. Kg5 Rb4 51. Ra6 Kf7 52. Rf6+ Kg7 53. Rxg6+ Kh7 54. Rf6 Rb5+ 55. Rf5 Rb4 56. Rf7+ Kg8 57. Re7 Kf8 58. Rd7 Kg8 59. Kh5 Rb6 60. g5 Ra6 61. Rb7 Rc6 62. Re7 Ra6 63. Rc7 Rb6 64. Rc8+ Kg7 65. Rc7+ Kg8 66. Kg4 Rb5 67. Re7 Ra5 68. Kh5 Ra6 69. Rb7 Rc6 70. Ra7 Rb6 71. Ra8+ Kg7 72. Ra7+ Kg8 73. Rd7 Ra6 74. Rb7 1/2-1/2

[Event "45th Olympiad 2024"]
[Site "Budapest HUN"]
[Date "2024.09.16"]
[Round "6.54"]
[Board "4"]
[White "Mc Intosh, Isaiah"]
[Black "Nean, Franck Anderson"]
[Result "1-0"]
[WhiteElo "2249"]
[BlackElo "1917"]
[PlyCount "67"]
[EventDate "2024.09.11"]
[WhiteTeam "Trinidad & Tobago"]
[BlackTeam "Cote d’Ivoire"]

1. d4 Nf6 2. c4 e6 3. g3 d5 4. Nf3 Nc6 5. Bg2 dxc4 6. O-O Bd7 7. Nc3 ({RR} 7. Ne5 Nxe5 8. dxe5 Nd5 9. Bxd5 exd5 10. Qxd5 b5 11. Rd1 c6 12. Qf3 Qc8 13. a4 Bg4 14. Qe4 Bf5 15. Qf3 Bc2 16. Rd4 Bc5 17. Rg4 Bg6 18. Rf4 O-O 19. Nc3 Qe8 20. axb5 cxb5 21. Qd5 Rc8 {0-1 Ansh,M (2163)-Georgiev,V (2442) New York Fischer IM 2022 (6)}) 7... Be7 8. Ne5 Na5 $146 ({RR} 8... O-O 9. Nxc4 Nd5 10. e4 Nb6 11. Ne3 e5 12. dxe5 Nxe5 13. f4 Nec4 14. b3 Nxe3 15. Bxe3 Bc6 16. Qc2 Bb4 17. a3 Bxc3 18. Qxc3 Qe7 19. Bc5 {1-0 Banduka,Z (2173)-Molnar,E (1922) SVK-ch op-A Banska Stiavnica 2012 (3)}) 9. Qc2 Rb8 10. b3 Nc6 11. Rd1 Nb4 12. Qd2 cxb3 13. axb3 a6 14. Bb2 c6 15. e4 O-O 16. Qe2 Qc7 17. Rac1 Bc8 18. d5 exd5 19. Nxd5 Nbxd5 20. exd5 c5 21. b4 Re8 22. bxc5 Bxc5 23. d6 Qb6 24. Qc2 Bd7 25. Nxd7 Nxd7 26. Bh3 Rbd8 27. Rd5 Bxd6 28. Bd4 Qb4 29. Bc3 Qb6 30. Ba5 Qa7 31. Bxd8 Ba3 32. Bxd7 Rxd8 33. Qc7 Rf8 34. Rb1 1-0

[Event "45th Olympiad 2024"]
[Site "Budapest HUN"]
[Date "2024.09.16"]
[Round "6.55"]
[Board "1"]
[White "Carpenter, Paul A"]
[Black "El Jawich, Amro"]
[Result "0-1"]
[WhiteElo "1985"]
[BlackElo "2296"]
[PlyCount "38"]
[EventDate "2024.09.11"]
[WhiteTeam "Jersey"]
[BlackTeam "Lebanon"]
[BlackTeamCountry "LBN"]

1. f4 g6 2. Nf3 Bg7 3. e4 d5 4. exd5 ({RR} 4. d3 dxe4 5. dxe4 Qxd1+ 6. Kxd1 Bg4 7. c3 Nd7 8. Kc2 Nc5 9. Nbd2 Nf6 10. e5 Nd5 11. Nc4 Bf5+ 12. Kd1 O-O-O 13. Nd4 Bh6 14. g3 Be4 15. Rg1 f6 16. Nd6+ cxd6 17. exf6 exf6 18. Bc4 Rhe8 {0-1 Moussard,J (2668)-Bjelobrk,I (2395) Titled Tuesday intern op 07th Jun Late blitz 2022 (3)}) 4... Qxd5 ({RR} 4... c6 5. dxc6 Nxc6 6. c3 Qc7 7. d4 Bg4 8. Be2 e6 9. Na3 a6 10. Nc2 Nge7 11. Ne3 h5 12. Ne5 Bxe2 13. Qxe2 b5 14. O-O O-O 15. Bd2 Rad8 16. Rfd1 Qb6 17. Be1 Rfe8 18. Bf2 Nd5 19. Qf3 {1-0 Kuc,M (1748)-Hartman,A (1716) 288th YMCA Spring C 2024 (7)}) 5. d4 Nf6 $146 ({RR} 5... Bg4 6. Be2 Nf6 7. O-O c6 8. h3 Bxf3 9. Bxf3 Qd8 10. Na3 O-O 11. Nc4 Qc7 12. Qe2 e6 13. c3 Nbd7 14. g3 Nd5 15. Ne5 Rad8 16. Qf2 Rfe8 17. Bd2 Qb6 18. b4 Qc7 19. a4 a5 20. bxa5 {1-0 Milov,L (2391)-Krueger,T (1935) Frankfurt-chA 2017 (2)}) ({RR} 5... c5 6. Nc3 Qd8 7. d5 Nf6 8. Be3 Nbd7 9. Ne5 O-O 10. Nxd7 Nxd7 11. Be2 b6 12. O-O Nf6 13. Bf3 Ba6 14. Rf2 Qd7 15. g4 Ne8 16. Rb1 Nd6 17. Rg2 Nc4 18. Bf2 Nxb2 19. Rxb2 Bxc3 20. Rb3 {0-1 Schell,P-Lieder,C Baden VLN 0203 2002 (6.6)}) 6. Nc3 Qd6 7. Ne5 O-O 8. Bc4 a6 9. a4 Nc6 10. Be3 Nb4 11. O-O Be6 12. Bxe6 Qxe6 13. f5 gxf5 14. Rf3 Ng4 15. Bf4 Rad8 16. Rg3 Kh8 17. Rxg4 fxg4 18. Kh1 c5 19. Ne4 Rxd4 0-1

[Event "45th Olympiad 2024"]
[Site "Budapest HUN"]
[Date "2024.09.16"]
[Round "6.55"]
[Board "2"]
[White "Khoder, Akram"]
[Black "Belzo, Krzysztof"]
[Result "1-0"]
[WhiteElo "2239"]
[BlackElo "2076"]
[PlyCount "65"]
[EventDate "2024.09.11"]
[WhiteTeam "Lebanon"]
[BlackTeam "Jersey"]
[WhiteTeamCountry "LBN"]

1. d4 d6 2. c4 g6 3. Nc3 Bg7 4. e4 Nd7 5. Be2 e5 6. Nf3 exd4 7. Nxd4 Nc5 ({RR} 7... Ne7 8. O-O Nc6 9. Be3 O-O 10. Qd2 Nc5 11. Nxc6 bxc6 12. Bd4 Bxd4 13. Qxd4 Ne6 14. Qe3 c5 15. Bg4 f5 16. exf5 Nd4 17. Qh6 Bxf5 18. Bxf5 Rxf5 19. Rae1 Qd7 20. Nd5 Re8 21. Rxe8+ Qxe8 22. Qe3 {0-1 Koutsogoulas,G (1827)-Triantafilidis,M (2099) 17th Kalamaria Open 2024 (1.6)}) 8. O-O Ne6 9. Be3 Ne7 $146 ({RR} 9... Nf6 10. Qd2 O-O 11. Rad1 Re8 12. f3 a6 13. Rfe1 Bd7 14. Nb3 b6 15. Nd5 Bc6 16. Nd4 Bxd5 17. cxd5 Nxd4 18. Bxd4 a5 19. Bb5 Re7 20. Rc1 Nd7 21. Bxg7 Kxg7 22. Qc3+ Nf6 23. g4 g5 24. h4 {1-0 Demir,G (2231)-Sever,T (1894) TUR-ch Antalya 2013 (5)}) 10. Qa4+ Bd7 11. Nxe6 fxe6 12. Qc2 b6 13. f4 O-O 14. Bg4 Nc6 15. Qd2 Qe7 16. Rad1 Na5 17. b3 Nb7 18. Nd5 Qd8 19. f5 exf5 20. Bg5 Qe8 21. Nxc7 Qe5 22. Nxa8 fxg4 23. Qd5+ Qxd5 24. Rxf8+ Kxf8 25. exd5 Nc5 26. Nc7 Ne4 27. Bf4 g5 28. Be3 Nc3 29. Rf1+ Kg8 30. Bxg5 Bd4+ 31. Kh1 Ne4 32. Bh4 g3 33. Bxg3 1-0